000 00253nam a22001217a 4500
008 181224b xxu||||| |||| 00| 0 eng d
041 _aeng
080 _a910
100 _a42
101 _aGJEO
245 _aAfrica
_cEmil Schulthess
942 _2udc
_cBK
999 _c53756
_d53756